000 00900aam a2200337 4500
005 20260303185151.0
008 150630b2000 xxu||||| |||| 00| 0 spa d
020 _a8481556106
041 _aESP
082 _a364.106 C545o
100 _aChoclón Montalvo, José Antonio
_926944
245 _aLa organización criminal: tratamiento penal y procesal
260 _aEspaña
260 _bDykinson
260 _c2000
300 _a81 páginas
490 _aInvestigación Criminal
650 _aCRIMINALIDAD
650 _aCRIMEN ORGANIZADO
650 _aLAVADO DE DINERO
650 _aASOCIACIÓN ILÍCITA
650 _aTERRORISMO
650 _aTRÁFICO DE DROGAS
650 _aCORRUPCIÓN DE MENORES
650 _aDELITOS
650 _aDEPRESIÓN
650 _aDELINCUENCIA ORGANIZADA
650 _aAGENTE ENCUBIERTO
650 _aTENENCIA DE ARMAS
942 _cBK
_2ddc
999 _c1529
_d1529